Normal view
MARC view
Entry Personal Name
001 - CONTROL NUMBER
- control field: 19887
003 - CONTROL NUMBER IDENTIFIER
- control field: ARRUPE
005 - DATE AND TIME OF LATEST TRANSACTION
- control field: 20150914121458.0
008 - FIXED-LENGTH DATA ELEMENTS
- fixed length control field: 150914|| aca||aabn | a|a d
040 ## - CATALOGING SOURCE
- Original cataloging agency: ARRUPE
- Transcribing agency: ARRUPE
100 ## - HEADING--PERSONAL NAME
- Personal name: Marshall, I. N.
670 ## - SOURCE DATA FOUND
- Source citation: Work cat.: (ARRUPE)0: Zohar, Danah, 1945- 19883, The quantum self :, c1990.